| 000 | 00509nam a2200217Ia 4500 | ||
|---|---|---|---|
| 008 | 210210b1955 xxu||||| |||| 00| 0 eng d | ||
| 041 | _aeng | ||
| 082 | _a320/554 | ||
| 100 | _aSIMMONS (E J) Ed | ||
| 245 | _aContinuity and change in Russian and Soviet thought | ||
| 260 |
_a _bNot Mentioned _c1955 |
||
| 650 | _athought | ||
| 650 | _aSoviet | ||
| 650 | _aRussian | ||
| 650 | _ain | ||
| 650 | _aContinuity | ||
| 650 | _achange | ||
| 650 | _aand | ||
| 690 | _aPolitical Science | ||
| 906 | _a003188 | ||
| 999 |
_c118525 _d118525 |
||